000 00286nam a22001217a 4500
082 _a200
_bKAI/M
100 _aKAITHOLIL,GEORGE
245 _aMAKE PEACE YOUR TARGET
260 _aMUMBAI
_bBETTER YOURSELF BOOKS
300 _a134
650 _aPERSONALITY DEVELOPMENT
_zMUMBAI
942 _cBK
999 _c5443
_d5443